00807nam a2200217Ii 45000010005000000030009000050080041000140400033000550410008000880820014000961100079001102450072001892640035002613000012002963360026003083370028003343380027003629400050003899990017004399520133004563499CO-ViMGA241108s9999||||xx |||||||||||||| ||und|| aCO-ViMGAbspaerdacCO-ViMGA0 aspa04a312 - O631 aOrganización de las Naciones para Agricultura y la Alimentación95282910aEl acopio de Estadística:bsobre población y empleo agrícolas 1aBogotá, Colombia : FAO, 1979 avolumen atextbtxt2rdacontent aunmediatedbn2rdamedia avolumebnc2rdacarrier aidficha_siabuc: 3413. -- ficha_no_siabuc:3499 c47791d47791 001040708001aMEVIGERRbMEVIGERRcGENd2006-11-27o312 - O63pECA1852r2024-11-26 09:37:36tEj.1w2024-11-26yBKz3413 | 5038